|
|
|
|
| LEADER |
01668nam a2200409Ia 4500 |
| 001 |
EBC771405 |
| 003 |
MiAaPQ |
| 005 |
20200520144314.0 |
| 006 |
m o d | |
| 007 |
cr cn||||||||| |
| 008 |
100315s2010 enka sb 001 0 eng d |
| 020 |
|
|
|z 9780335234769 (cased)
|
| 020 |
|
|
|z 0335234763 (cased)
|
| 020 |
|
|
|z 9780335234776 (pbk.)
|
| 020 |
|
|
|z 0335234771 (pbk.)
|
| 035 |
|
|
|a (MiAaPQ)EBC771405
|
| 035 |
|
|
|a (Au-PeEL)EBL771405
|
| 035 |
|
|
|a (CaPaEBR)ebr10413333
|
| 035 |
|
|
|a (CaONFJC)MIL333847
|
| 035 |
|
|
|a (OCoLC)751963524
|
| 040 |
|
|
|a MiAaPQ
|c MiAaPQ
|d MiAaPQ
|
| 050 |
|
4 |
|a RA399.G7
|b I67 2010
|
| 082 |
0 |
4 |
|a 362.1068
|2 22
|
| 245 |
0 |
0 |
|a Implementing excellence in your health care organization
|h [electronic resource] :
|b managing, leading and collaborating /
|c edited by Rob Mcsherry and Jerry Warr.
|
| 260 |
|
|
|a Maidenhead :
|b McGraw-Hill Open University Press,
|c 2010.
|
| 300 |
|
|
|a xvi, 199 p. :
|b ill.
|
| 490 |
1 |
|
|a Excellence in practice development in health and social care
|
| 504 |
|
|
|a Includes bibliographical references and index.
|
| 533 |
|
|
|a Electronic reproduction. Ann Arbor, MI : ProQuest, 2015. Available via World Wide Web. Access may be limited to ProQuest affiliated libraries.
|
| 650 |
|
0 |
|a Health services administration
|z Great Britain.
|
| 650 |
|
0 |
|a Health services administration
|x Quality control
|z Great Britain.
|
| 655 |
|
4 |
|a Electronic books.
|
| 700 |
1 |
|
|a McSherry, Robert.
|
| 700 |
1 |
|
|a Warr, Jerry.
|
| 710 |
2 |
|
|a ProQuest (Firm)
|
| 830 |
|
0 |
|a Excellence in practice development in health and social care.
|
| 856 |
4 |
0 |
|u https://ebookcentral.proquest.com/lib/matrademy/detail.action?docID=771405
|z Click to View
|